AH International Schools' Libraries

Opposites / (Record no. 49323)

MARC details
000 -LEADER
fixed length control field 00300nam a2200109 4500
020 ## - INTERNATIONAL STANDARD BOOK NUMBER
International Standard Book Number 9781848579590
100 ## - MAIN ENTRY--PERSONAL NAME
Personal name Bailey, Susannah
9 (RLIN) 86550
245 ## - TITLE STATEMENT
Title Opposites /
Statement of responsibility, etc Susannah Bailey & Lucia Wilkinson
260 ## - PUBLICATION, DISTRIBUTION, ETC. (IMPRINT)
Place of publication, distribution, etc UK
Name of publisher, distributor, etc Caterpillar Books
Date of publication, distribution, etc 2019
300 ## - PHYSICAL DESCRIPTION
Extent unpaged.
Other physical details col. ill.
Dimensions 19 cm.
942 ## - ADDED ENTRY ELEMENTS (KOHA)
Source of classification or shelving scheme
Koha item type Board Book
Holdings
Withdrawn status Lost status Source of classification or shelving scheme Damaged status Not for loan Home library Current library Shelving location Date acquired Total Checkouts Full call number Barcode Date last seen Date checked out Price effective from Koha item type
          Asian Hope Early Years Library Asian Hope Early Years Library Easy Reading 08/18/2025 4 BB E BAI 208931 04/23/2026 04/02/2026 08/18/2025 Board Book

For any Logos Library related questions please contact Miss Art at swongnarasuk@asianhope.org.

For any Asian Hope Library related questions please contact Miss Raza at graza@asianhope.org.

Powered by Koha